| 000 | 00414nam a22001337a 4500 | ||
|---|---|---|---|
| 003 | SGT | ||
| 082 |
_a617.525 _bE26P |
||
| 100 | _aPal, Supayan | ||
| 245 | _aEvaluation of adjunctive effect of low-level laser theraphy on pain, swelling and trismus after surgical removal of impacted lower third molar | ||
| 260 |
_aGurugram _bSGTU _c2026 |
||
| 300 | _a76 | ||
| 653 | _aOral & Maxillofacial Surgery | ||
| 942 |
_2ddc _cTH |
||
| 999 |
_c34621 _d34621 |
||